Avoid deposit slips (Record no. 66588)

MARC details
000 -LEADER
fixed length control field 01119cam a2200205 4500
001 - CONTROL NUMBER
control field ABS63724
008 - FIXED-LENGTH DATA ELEMENTS--GENERAL INFORMATION
fixed length control field 000000n2001 000 0 eng u
035 ## - SYSTEM CONTROL NUMBER
System control number (Sirsi) u111762
100 ## - MAIN ENTRY--PERSONAL NAME
Personal name White, G.
245 ## - TITLE STATEMENT
Title Avoid deposit slips
260 ## - PUBLICATION, DISTRIBUTION, ETC.
Date of publication, distribution, etc. 2001
490 ## - SERIES STATEMENT
Series statement Property Week
Volume/sequential designation 66(13) 30 March 2001, 76-77(2)
520 ## - SUMMARY, ETC.
Summary, etc. Provides advice to landlords on the handling of rent deposits, and how to avoid being short-changed. For instance, warns landlords to ensure they have complete control over the deposit, and highlights the risks involved in holding monies in trust. If a deposit is held by a third party, stresses the importance of ensuring that the basis on which it is held is clearly defined. Advises landlords to obtain a deposit that covers all the money due under a lease: the service charge, insurance, VAT. Looks at the position of rent deposits granted before and after the Landlord & Tenant (Covenants) Act 1995.
590 ## - LOCAL NOTE (RLIN)
Local note ABS
650 ## - SUBJECT ADDED ENTRY--TOPICAL TERM
Topical term or geographic name entry element DEPOSITS
650 ## - SUBJECT ADDED ENTRY--TOPICAL TERM
Topical term or geographic name entry element LEASES
650 ## - SUBJECT ADDED ENTRY--TOPICAL TERM
Topical term or geographic name entry element LANDLORD AND TENANT (COVENANTS) ACT 1995
690 ## - LOCAL SUBJECT ADDED ENTRY--TOPICAL TERM (OCLC, RLIN)
Topical term or geographic name as entry element PROPERTY-LANDLORD AND TENANT
942 ## - ADDED ENTRY ELEMENTS (KOHA)
Suppress in OPAC 0
Holdings
Withdrawn status Lost status Source of classification or shelving scheme Damaged status Not for loan Home library Current library Shelving location Date acquired Total Checkouts Full call number Barcode Date last seen Copy number Price effective from Koha item type
    Dewey Decimal Classification     London London Journal article 03/04/2001   ABS63724 111762-1001 06/08/2019 1 06/08/2019 Journal article